| 000 | 00738cam a22002533a 4500 | ||
|---|---|---|---|
| 001 | 23265 | ||
| 003 | PGUSA | ||
| 005 | 20140828083509.0 | ||
| 008 | 071031s2007||||xxu|||||s|||||000 1 eng d | ||
| 040 |
_aPGUSA _beng |
||
| 042 | _adc | ||
| 050 | 4 | _aPZ | |
| 100 | 1 |
_aMartineau, Harriet, _d1802-1876 |
|
| 245 | 1 | 4 |
_aThe Crofton Boys _h[electronic resource] / _cHarriet Martineau |
| 260 |
_bProject Gutenberg, _c2007 |
||
| 506 | _aPublic domain in the USA. | ||
| 516 | _aElectronic text | ||
| 653 | _aSchool children -- Juvenile fiction | ||
| 653 | _aBoys -- Juvenile fiction | ||
| 700 | 1 |
_aKronheim, Joseph Martin, _d1810-1896 |
|
| 830 | 0 |
_aProject Gutenberg _v23265 |
|
| 856 | 4 | 0 | _uhttp://www.gutenberg.org/ebooks/23265 |
| 942 | _cEB | ||
| 999 |
_c252520 _d252520 |
||